Biochromatography : theory and practice /

Další autoři: Vijayalakshmi, M. A.
Jazyk: Angličtina
Vydáno: Boca Raton ; CRC Press, Taylor & Francis Group, 2020
Témata:
Fyzický popis: xviii, 526 stran : ilustrace ; 25 cm
Knihy
Uloženo v:
LEADER 01346nam a2200385 i 4500
001 001841993
003 CZ BrMZK
005 20230202063842.0
007 ta
008 221201s2020 xxua f 001 0 eng
020 |a 978-0-367-45503-3  |q (brožováno) 
040 |a BOA001  |b cze  |e rda 
044 |a xxu  |a xxk 
072 7 |a 60  |x Biotechnologie. Genetické inženýrství  |2 Konspekt  |9 2 
080 |a 543.54  |2 MRF 
080 |a 577.2  |2 MRF 
080 |a 60  |2 MRF 
080 |a (082)  |2 MRF 
245 0 0 |a Biochromatography :  |b theory and practice /  |c edited by M.A. Vijayalakshmi 
264 1 |a Boca Raton ;  |a London ;  |a New York :  |b CRC Press, Taylor & Francis Group,  |c 2020 
300 |a xviii, 526 stran :  |b ilustrace ;  |c 25 cm 
336 |a text  |b txt  |2 rdacontent 
337 |a bez média  |b n  |2 rdamedia 
338 |a svazek  |b nc  |2 rdacarrier 
504 |a Obsahuje bibliografie, bibliografické odkazy a rejstřík 
650 0 7 |a chromatografická analýza  |7 ph119208  |2 czenas 
650 0 7 |a biomolekuly  |7 ph138405  |2 czenas 
650 0 7 |a biotechnologie  |7 ph118925  |2 czenas 
653 0 |a biochromatografie 
655 7 |a sborníky  |7 fd163935  |2 czenas 
700 1 |a Vijayalakshmi, M. A. 
910 |a BOA001  |b 2-1500.326 
990 |a BK 
991 |b 202301  |c NOV 
996 6 |b 2610922811  |c 2-1500.326  |l MZK  |r STM 6p  |n 0  |p kupz  |h 543 BIO  |w 001907257  |u 000010  |a 0  |e BOA001  |j MZK50  |s P